LEADER 01878nam a2200349 u 4500 001 000000114468 003 CaOOAMICUS 005 20090204163200.0 008 090204s2003 it u000 u fre r 020 $a88-498-0900-X 040 $aPUL$bita$dLDB 041 0 $afre$aita 100 1 $aSturzo, Luigi,$csac.,$d1871-1959.$0(OLS)http://pul/name/5972 240 10$aLettere$9(Sturzo, Luigi, sac., 1871-1959).$0(OLS)http://pul/title/55476 245 10$aLuigi Sturzo e gli intellettuali francesi :$bCarteggi (1925-1945) /$ca cura e con introduzione di Émile Goichot ; prefazione di Gabriele De Rosa. 260 $aSoveria Mannelli :$bRubbettino,$cc2003. 300 $axii, 456 p. ;$c24 cm 490 1 $aOpera omnia di Luigi Sturzo.$aIII Serie, Carteggio ;$v4,7 500 $aIn testa al front. : Pubblicazione a cura dell'Istituto Luigi Sturzo. 504 $aNote bibliografiche. 546 $aTesto in francese, introduzione, prefazione e apparati in italiano. 700 1 $aGoichot, Emile,$d1926-2003.$0(OLS)http://pul/name/34545 700 1 $aDe Rosa, Gabriele,$d1917-2009.$0(OLS)http://pul/name/2754 700 1 $aSturzo, Luigi,$csac.,$d1871-1959.$tLettere.$0(OLS)http://pul/nameTitle/852$0(OLS)http://pul/name/5972$0(OLS)http://pul/title/23909 710 2 $aIstituto Luigi Sturzo.$0(OLS)http://pul/name/70661 830 0$aOpera omnia di Luigi Sturzo.$nIII Serie,$pCarteggio ;$v4,7.$0(OLS)http://pul/title/55478 850 $aPUL 852 $aPUL$W1$xSL Religione 2$y84$mRH F3 3.4.7$j130783$qStampati Altre Collocazioni$B129875$CPULBib$Z2$F129875 $H109436 $82 941 1 $a10 996 $6020$a88-498-0900-X$9(OLS)http://pul/number/139600 996 $6245$aLuigi Sturzo e gli intellettuali francesi :$bCarteggi (1925-1945)$9(OLS)http://pul/title/143848 996 $6260$aSoveria Mannelli :$bRubbettino$9(OLS)http://pul/publisher/51639 LEADER 00878naa a2200193 u 4500 001 000000094468 003 CaOOAMICUS 005 20070226130138.0 008 040426s1979 it u000 u ita u 035 $a10992048 040 $aIAR$bita 100 1 $aChabod, Federico,$d1901-1960.$0(OLS)http://pul/name/37344 245 13$aLa genesi del "Principe" e l'esperienza delle cose d'Italia /$cFederico Chabod. 260 $aBologna :$bSocietà editrice il Mulino,$c1979. 300 $aS. 323-344, ;$c21 cm 773 0 $aLa crisi degli ordinamenti comunali e le origini dello stato del rinascimento. 773 0 $tLa crisi degli ordinamenti comunali e le origini dello stato del Rinascimento$w()10982 996 $6245$aLa genesi del "Principe" e l'esperienza delle cose d'Italia$9(OLS)http://pul/title/121336 996 $6260$aBologna :$bSocietà editrice il Mulino$9(OLS)http://pul/publisher/53095